01014nam a2200301 c 450000100060000000300100000600500170001600700030003300800410003602000180007704000350009504100080013008200210013810000410015924500640020025000220026426400550028630000180034133600270035933700330038633800280041949000350044752100410048254500650052365000530058865000380064165000330067958480CO-BoRNBP20250822221729.0ta210722s2017 ck er 000 0dspa d a9789588926339 aCO-BoRNBPbspaerdacCO-BoRNBP0 aspa04a302.14bA53e222 aAngulo Novoa, Alejandro,d1934-eaut13aLa experiencia de la solidaridad /cAlejandro Angulo Novoa. aPrimera edición 1aBogotá, Colombia :bEdiciones Desde Abajo,c2017 a120 páginas atextobtxt2rdacontent asin mediaciónbn2rdamedia avolumenbnc2rdacarrier0 aColección primeros pasosv18 aRecomendado para un público adulto aIncluye datos biográficos del autor en la contracarátula07aGrupos socialesxParticipación ciudadana2lemb07aParticipación comunitaria2lemb07aParticipación social2lemb